01128nam a2200301 i 4500001001000000003000900010005001700019007000300036008004100039020001800080040003000098041000800128082002600136110006300162245010200225264005700327300006500384336002700449337003300476338002800509504004000537650006200577650005900639650003500698651006200733710002000795710001100815000042606DO-SdBNP20260409210342.0ta130425s2013 dr ad r 001 0 spa d a9789945888805 aDO-SdBNPbspacBNPHUerda aspa 4a304.87293bR426p 2221 aRepública Dominicana.bOficina Nacional de Estadística10aPrimera Encuesta Nacional de Inmigrantes en la República Dominicana ENI-2012 :binforme general 4aSanto Domingo :bUnion EuropeabUNFRAbONE,c©2013. a343 páginas :bilustraciones, gráficos, tablas ;c28 cm. atextobtxt2rdacontent asin mediaciónbn2rdamedia avolumenbnc2rdacarrier aBibliografía : páginas 279-281. 4vEstadísticasaInmigrantesy2012zRepública Dominicana 4aEncuestas demográficasy2012zRepública Dominicana 4aModelos de inmigracióny2012 4aRepública DominicanaxPoblacióny2012vEstadísticas2 aUnión Europea aUNFPA